000 00446nam a2200169Ia 4500
001 28825
003 IN-NITTTR
005 20251114233355.0
008 251113s9999||||xx |||||||||||||| ||eng||
040 _beng
040 _cIN-NITTTR
041 _aeng
082 _a338.04 B196h
100 _aBagchi, Subroto
245 4 _aThe high - performance entrepreneur :
_b golden rules for success in todays' world /
_cBagchi, Subroto
942 _2ddc
_cBK
999 _c31453
_d31453